000 00732nam a2200277Ia 4500
001 5197
005 20240113233821.0
007 ta
008 050617s 196 a g b000 u eng u
020 _cHB
040 _aCotton College,Assam
041 _aeng
082 _a591.6
_bM 691 D
100 _aMisra, A.B. .
245 0 _aDiscourses on Economic Zoology /
_cA.B. Misra.
_hTextual Documents
250 _a1st ed. /
260 _asl :
_bThe Zootomical Society ,
_cC 1961.
300 _a220p, :
_bill. ;
_c22cm .
500 _aThe book is edited by the author himself.
653 _aZoology
653 _aEconomic zoology
653 _aPG-Zoology
942 _2ddc
_cBK
999 _c5184
_d5184